XI Roku 2021 Polskich Piłkarzy (wg Tygodnika "Piłka Nożna") - Statystyki

Ogólne statystyki
  • Ten quiz został rozwiązany 107 razy
  • Średni wynik to 10 z 11
Statystyki odpowiedzi
Pozycja Klub Zawodnik % Poprawnych
BR West Ham Łukasz Fabiański
100%
N Bayern Robert Lewandowski
100%
ŚP Napoli Piotr Zieliński
99%
ŚO Southampton Jan Bednarek
98%
ŚP Brighton Jakub Moder
96%
ŚO Benevento Kamil Glik
92%
LO/LS Chicago/Lens Przemysław Frankowski
91%
PO Sampdoria Bartosz Bereszyński
89%
N PAOK Karol Świderski
84%
ŚP Leeds Mateusz Klich
83%
ŚO Hellas Paweł Dawidowicz
81%
Nie znaleziono quizów pasujących do podanych kryteriów
Rozkład punktacji
Procent ludzi z każdym wynikiem
Percentyl według liczby udzielonych odpowiedzi
Twoja historia wyników
Nie rozwiązałeś tego quizu